00338pab a2200109 454500008004000000100002600040245007800066260000900144300001200153650003100165773003200196180718b1989 xxu||||| |||| 00| 0 eng d aGronsterin, Arturo S. aThe evolution of labour relations in UruguaybAchievements and challenges c1989 a195-212 aLabour Relations - Uruguay aInternational Labour Review